000 00850nmm a22002177a 4500
005 20140321092148.0
008 131206b2011 ck ||||| |||| 00| 0 spa d
041 _aspa
044 _ack
082 _a628.3
_bB67f
090 _aLB
_b05847
110 1 _aAlcaldía Mayor de Bogotá
_923033
245 1 0 _aVIII Fase del programa de seguimiento y monitoreo de efluentes industriales y corrientes superficiales de Bogotá D.C
260 _aBogotá
_bAlcaldía Mayor de Bogotá
_bAcueducto
_c2011
300 _a156 p.,
_bil., gráficas
_c13 cm
_eCD-ROM
504 _aIncluye bibliografía
650 6 _aEfluentes industriale
_xAspectos ambientale
_zBogotá (Colombia)
_923034
650 6 _aPurificación de aguas residuales
_xAspectos ambientales
_zBogotá (Colombia)
_923035
650 6 _aGestión ambiental
_zBogotá (Colombia)
_923036
942 _2ddc
_cImpreso
999 _c8028
_d8028